| 000 -LEADER |
| fixed length control field |
00567nam a22001937a 4500 |
| 008 - FIXED-LENGTH DATA ELEMENTS--GENERAL INFORMATION |
| fixed length control field |
150921b xxu||||| |||| 00| 0 eng d |
| 020 ## - INTERNATIONAL STANDARD BOOK NUMBER |
| International Standard Book Number |
0131454439 |
| 041 0# - LANGUAGE CODE |
| Language code of text/sound track or separate title |
eng |
| 080 ## - UNIVERSAL DECIMAL CLASSIFICATION NUMBER |
| Universal Decimal Classification number |
658 : 004 |
| 245 00 - TITLE STATEMENT |
| Title |
Managing information technology / |
| Statement of responsibility, etc |
E. Wainright Martin ... [et al.]. |
| 250 ## - |
| -- |
5th ed. |
| 260 ## - |
| -- |
Upper Saddle River, N.J. : |
| -- |
Pearson/Prentice Hall, |
| -- |
2005. |
| 300 ## - |
| -- |
xxii, 794 f. : |
| -- |
me il.; |
| -- |
27 cm. |
| 650 0# - |
| -- |
Organizimi |
| 650 0# - |
| -- |
Sistemet e Informacionit |
| 650 0# - |
| -- |
Teknologjia |
| 700 1# - |
| -- |
Martin, E. Wainright |
| 942 ## - ADDED ENTRY ELEMENTS (KOHA) |
| Source of classification or shelving scheme |
|
| Item type |
Books |